Datum a čas kvízu

22.5 Celkem bodů Celkový počet nahraných bodů na tomto kvízu bez doplňovacích otázek.
9. Pořadí na kvízu Konečné umístění týmu na tomto kvízu.

Zaznamenané odpovědi

# Otázka Odpověď Body Výsledky
1. Koncem týdne ovlivnila počasí... Boris 0
2. Na nedávno odhalené bronzové s... Alžběta II., princ Filip 1
3. Slavná americká rocková kapela... Bon Jovi 0
4. Produkty jisté americké společ... Avon 1
5. Minulý týden se náš fotbal dos... v Ústí nad Labem 0
6. Může to být alergie, dieta, ne... lněná 0
7. Ve zdravých receptech se můžem... zoodles 0
8. Asi nepřekvapí, že ve stavu be... tortilly 0
9. Tento sirup, kterým lze sladit... z čekanky 1
10. Naprostým mistrem v nahrazován... nedávejte tam nic 0